000 01823nam a2200241 4500
001 0000076109
005 20250329165444.0
008 190415s2019 000 0 eng d
040 _aCO-CtgCURN
_bspa
_ccoctgcurn
082 0 _aINQ 2019
_bA779
100 1 _aArroyo Hamburguer, Maria Paula.
245 1 0 _aAsociación de los factores clínicos con aislamientos de bacterias multirresistentes en pacientes de un hospital de alta complejidad de la ciudad de Cartagena 2018 /
_cMaria Paula Arroyo Hamburguer; Director Jaime Lorduy Gomez; Co-Director Giovani Diaz Beltran.
260 _aCartagena de Indias :
_bCorporación Universitaria Rafael Nuñez,
_c2019.
300 _a70 hojas.
504 _aTrabajo de grado (Instrumentación quirúrgica). Corporación Universitaria Rafael Nuñez. Facultad de Ciencias de la Salud. Instrumentación quirúrgica, 2016.
520 _a"La resistencia bacteriana se presenta como un conjunto de mecanismos que las bacterias han desarrollado para resistir la acción de los antibióticos. La multiresistencia bacteriana mientras tanto, es cuando una cepa es resistente simultáneamente a toda una serie de agentes antibacterianos. En la actualidad la llamada multiresistencia bacteriana a los antimicrobianos es una problemática mundial para la salud de los pueblos, toda vez que siga tomando proporciones alarmantes. "
650 0 _aInstrumentación Quirúrgica
_vTesis y disertaciones academicas.
700 1 _aLorduy Gomez, Jaime
_vdirector.
700 1 _aDiaz Beltran, Giovani
_vco-director.
856 _uhttps://unicurn.sharepoint.com/:b:/s/biblioteca/EaU_bek5_l9Lj4dyT2hnatYB-RlV4SmGbwjfuix0pCaB7Q?e=6i2RDV
_zClick aqui para ver el recurso en texto completo
942 _2ddc
_cTG
_hINQ 2019
_iA779
999 _c4583
_d4583